000 00304nam a2200121Ia 4500
008 220204s9999 xx 000 0 und d
082 _a820 MACH
_bMAC
100 _aHobbes, Thomas
245 0 _aPrince: Leviathan
260 _aChicago
_bWilliam Benton
_c1952
700 _aMachiavelli, Nicdo
942 _cBK
999 _c36150
_d36150